000 00755nam a2200229Ia 4500
003 OSt
005 20220923223654.0
006 a|||||r|||| 00| 0
007 ta
008 Pun
024 _a220,094
037 _cTextual
040 _aARTS
_cARTS
_bPun
041 _2Pun
_aPun
082 _aO153,3:gN7, L4;N3-;1
100 _aਥਿੰਦ, ਕਰਨੌਲ ਸਿੰਘ
_9156315
245 0 _aਪੰਜਾਬੀ ਨਾਵਲ ਸਰਵੇਖਣ ਤੇ ਮੁਲੰਕਣ
260 _aਅਮ੍ਰਿਤਸਰ
_b ਗੁਰੂ ਨਾਨਕ ਦੇਵ ਯੁਨੀਵਰਸਿਟੀ
_c1993
300 _a123ਪੰ
_ccm.
942 _hO153,3:gN7, L4;N3-;1
_cTEXL
_2CC
999 _c366794
_d366794